000 00666nam a22001817a 4500
003 UA-OsUOA
001 18907
007 ta
008 20040617b un ||||| |||| 00| 0 ukr d
100 _aДубінець П.
942 _cSA
040 _aUA-OsUOA
_cUA-OsUOA
_dUA-OsUOA
245 _aСвідок доброї минувшини
_b[В Музеї архітектури та нар. побуту України поблизу Києва є два експонати з Зарічнен. р-ну]
300 _aС.3
955 _a0
773 0 _w0
_tПолісся
_dсмт. Зарічне
_d2004
_g№22/4 черв./
650 7 _aКраєзнавча робота
_2UDC
999 _c305078
_d305078